Element Names That Don't Match Their Symbols - Statistics

General Stats
  • This quiz has been taken 53 times
  • The average score is 7 of 11
Answer Stats
No. Symbols Original Name Elements % Correct
79 Au Aurum Gold
87%
47 Ag Argentum Silver
83%
19 K Kalium Potassium
74%
29 Cu Cuprum Copper
68%
82 Pb Plumbum Lead
66%
50 Sn Stannum Tin
64%
26 Fe Ferrum Iron
62%
11 Na Natrium Sodium
62%
80 Hg Hydrargyrum Mercury
60%
74 W Wolfram Tungsten
57%
51 Sb Stibium Antimony
36%
No matching quizzes found
Score Distribution
Percent of People with Each Score
Percentile by Number Answered
Your Score History
You have not taken this quiz